00422nam a2200157Ia 45000030006000000050017000060080041000230400015000641000019000792450054000982460025001522500006001772600061001833000006002445460014002500STCL20241004125001.0150530s9999 xx 000 0 und d aSTCLcSTCL aManohara Varma aഉത്സവങ്ങളുടെ താളം aUlsavangalude Thalam a1 bSahitya Pravarthaka Co Operative Society ; Kottayac1998 a0 aMalayalam